Manažerské znalosti a dovednosti pro sestry / Zuzana Hekelová
Record details
- ISBN: 978-80-247-4032-4 (brož.)
- Physical Description: 124 s. : il. ; 21 cm
- Edition: 1. vyd.
- Publisher: Praha : Grada, 2012
Content descriptions
| Bibliography, etc. Note: | Obsahuje bibliografii a rejstřík |
| Language Note: | Anglické resumé |
Search for related items by subject
| Subject: | zdravotní sestry manažerské dovednosti |
| Genre: | příručky |
Search for related items by series
Available copies
- 1 of 1 copy available at Common Catalog SPOK.
Holds
- 0 current holds with 1 total copy.
Show Only Available Copies
| Location | Call Number / Copy Notes | Barcode | Shelving Location | Status | Due Date |
|---|---|---|---|---|---|
| Jabok Library | Soc-8.2 | 424480028220 | Odborná literatura | Available | - |
| LDR | 01118nam a2200373 a 4500 | ||
|---|---|---|---|
| 001 | 16718 | ||
| 003 | CZ-PrJAB | ||
| 005 | 20130319134451.0 | ||
| 007 | ta | ||
| 008 | 120713s2012 xr a e f 001 0 cze | ||
| 015 | . | ‡acnb002380226 | |
| 020 | . | ‡a978-80-247-4032-4 (brož.) | |
| 035 | . | ‡a(CONS)16718 | |
| 035 | . | ‡a(CZ PrNK)nkc20122380226 | |
| 040 | . | ‡aOLA001 ‡bcze ‡dABA001 | |
| 041 | 0 | . | ‡acze ‡beng |
| 072 | 7. | ‡a614 ‡xVeřejné zdraví a hygiena ‡2Konspekt ‡914 | |
| 080 | . | ‡a614.253.5 ‡2MRF | |
| 080 | . | ‡a005.336.5 ‡2MRF | |
| 080 | . | ‡a(035) ‡2MRF | |
| 100 | 1 | . | ‡aHekelová, Zuzana ‡7ola2012713116 ‡4aut |
| 245 | 1 | 0. | ‡aManažerské znalosti a dovednosti pro sestry / ‡cZuzana Hekelová |
| 250 | . | ‡a1. vyd. | |
| 260 | . | ‡aPraha : ‡bGrada, ‡c2012 | |
| 300 | . | ‡a124 s. : ‡bil. ; ‡c21 cm | |
| 490 | 1 | . | ‡aSestra |
| 504 | . | ‡aObsahuje bibliografii a rejstřík | |
| 546 | . | ‡aAnglické resumé | |
| 650 | 0 | 7. | ‡azdravotní sestry ‡7ph137872 ‡2czenas |
| 650 | 0 | 7. | ‡amanažerské dovednosti ‡7ph472867 ‡2czenas |
| 655 | 7. | ‡apříručky ‡7fd133209 ‡2czenas | |
| 830 | 0. | ‡aSestra (Grada) | |
| 910 | . | ‡aABG312 | |
| 928 | 1 | . | ‡aGrada Publishing |
| 901 | . | ‡a16718 ‡b ‡c16718 ‡tbiblio | |